Conceptualizing Brazilian multiple and fluid cultural profiles (Record no. 5228)

MARC details
000 -CABECERA
campo de control de longitud fija 01754nam a22002537a 4500
003 - IDENTIFICADOR DEL NÚMERO DE CONTROL
campo de control OSt
005 - FECHA Y HORA DE LA ÚLTIMA TRANSACCIÓN
campo de control 20260515115247.0
008 - DATOS DE LONGITUD FIJA--INFORMACIÓN GENERAL
campo de control de longitud fija 260121b |||||||| |||| 00| 0 eng d
022 ## - NÚMERO INTERNACIONAL NORMALIZADO PARA PUBLICACIONES SERIADAS
Número Internacional Normalizado para Publicaciones Seriadas 1536-5433
022 ## - NÚMERO INTERNACIONAL NORMALIZADO PARA PUBLICACIONES SERIADAS
Número Internacional Normalizado para Publicaciones Seriadas 1558-0946
040 ## - FUENTE DE LA CATALOGACIÓN
Centro catalogador/agencia de origen TBS
Lengua de catalogación EN
Centro/agencia transcriptor TBS
041 ## - CÓDIGO DE LENGUA
Código de lengua del texto/banda sonora o título independiente eng
100 ## - ENTRADA PRINCIPAL--NOMBRE DE PERSONA
Nombre de persona Caldas, Miguel P.
9 (RLIN) 26994
Término indicativo de función/relación author
245 ## - MENCIÓN DE TÍTULO
Título Conceptualizing Brazilian multiple and fluid cultural profiles
Mención de responsabilidad, etc. / Miguel P. Caldas.
260 ## - PUBLICACIÓN, DISTRIBUCIÓN, ETC.
Nombre del editor, distribuidor, etc. Management Research: Journal of the Iberoamerican Academy of Management,
Fecha de publicación, distribución, etc. 2006.
300 ## - DESCRIPCIÓN FÍSICA
Extensión 169-180 pages.
362 ## - FECHAS DE PUBLICACIÓN Y/O DESIGNACIÓN SECUENCIAL
Fecha de publicación y/o designación secuencial Management research (Armonk, N.Y.), 2006-10, Vol.4 (3), p.169-180
505 ## - NOTA DE CONTENIDO CON FORMATO
Nota de contenido con formato This paper puts forth a conceptual framework of multiple and fluid national culture focused on the contempo<br/>rary Brazilian context. Drawing from recent criticism on the excessive determinism and simplicity of typical cross-cultural <br/>depictions, the study (1) analyzes Brazilian contemporary culture from a historical perspective; (2) summarizes prevailing <br/>Brazilian cultural depictions in the literature; (3) proposes a conceptual framework centered on the dynamics between <br/>cultural differentiation and homogeneity, putting forth predictions on the potential future shifts of the Brazilian cultural <br/>texture along these two extremes; and (4) makes the case for culture research focused further on the study and depiction <br/>of multiple national cultures, and on their fluidity over time, rather than on monolithic and stable national cultures.
630 #0 - PUNTO DE ACCESO ADICIONAL DE MATERIA--TÍTULO UNIFORME
Título uniforme MSc International Business
9 (RLIN) 26977
650 #0 - PUNTO DE ACCESO ADICIONAL DE MATERIA--TÉRMINO DE MATERIA
Término de materia o nombre geográfico como elemento de entrada International business enterprises
9 (RLIN) 4692
650 #0 - PUNTO DE ACCESO ADICIONAL DE MATERIA--TÉRMINO DE MATERIA
Término de materia o nombre geográfico como elemento de entrada Strategy
9 (RLIN) 1208
856 ## - LOCALIZACIÓN Y ACCESO ELECTRÓNICOS
Identificador Uniforme del Recurso <a href="https://www-emerald-com.hub.tbs-education.fr/mrjiam/article-pdf/4/3/169/2032667/jmr1536-5433040303.pdf">https://www-emerald-com.hub.tbs-education.fr/mrjiam/article-pdf/4/3/169/2032667/jmr1536-5433040303.pdf</a>
942 ## - ELEMENTOS DE ENTRADA AGREGADA (KOHA)
Fuente del sistema de clasificación o colocación Clasificación de Library of Congress
Holdings
Estado de retiro Estado de pérdida Fuente del sistema de clasificación o colocación Estado dañado No para préstamo Código de colección Biblioteca de origen Biblioteca actual Fecha de adquisición Total de préstamos Fecha visto por última vez Identificador Uniforme del Recurso Precio válido a partir de Tipo de ítem Koha
    Clasificación de Library of Congress     Core Textbooks TBS Barcelona TBS Barcelona 13/05/2026   13/05/2026 https://www-emerald-com.hub.tbs-education.fr/mrjiam/article-pdf/4/3/169/2032667/jmr1536-5433040303.pdf 13/05/2026 Academic Article

Powered by Koha